00655nam a2200229 a 4500001001300000003000900013005001700022008004100039020001000080082001700090100001900107245002200126260003900148300000900187500003500196650002300231700001900254902000800273942000700281952012000288999001700408nice12345678IN_TiNIC20260116015141.0100507s2009 kana grp 000 0 eng  ac10000a261.873bLEH aLehn, Cornelia aPeace Be With You aKansasbFaith and Life Pressc2009 a126p aincludes index and biblioraphy aPeace-Christianity1 aLehn, Cornelia bSRS cBK 001040708StackRoom-aHMIbHMId2011-04-12g100.00l0o261.873 LEHp11002182r2011-04-12v100.00w2010-05-07yBK c18516d18516